[Event "ch-GRE"]
[Site "Agios Nikolaos GRE"]
[Date "2000.10.23"]
[Round "11"]
[White "Skembris,S"]
[Black "Banikas,H"]
[Result "0-1"]
[WhiteElo "2475"]
[BlackElo "2542"]

1.d4 d6 2.e4 g6 3.Nc3 Bg7 4.g3 Nf6 5.Bg2 O-O 6.Nge2 c6 7.a4 e5 8.O-O Re8
9.h3 b6 10.Bg5 exd4 11.Nxd4 h6 12.Bf4 Nh7 13.Nf3 Re6 14.Qd2 g5 15.Be3 Bxc3
16.Qxc3 c5 17.a5 Bb7 18.Nd2 Nf6 19.axb6 axb6 20.Rxa8 Bxa8 21.f4 d5 22.Qa3 d4
23.Qxa8 dxe3 24.Nb3 Nh5 25.fxg5 hxg5 26.Qd5 Qxd5 27.exd5 Re8 28.Kh2 Nd7 29.Bf3 Nhf6
30.c4 Ne5 31.Be2 Ne4 32.Nc1 Nf2 33.Na2 f5 34.Nc3 f4 35.Kg2 Rf8 36.gxf4 gxf4
37.Rxf2 exf2 38.Kxf2 Ra8 39.d6 f3 40.Bd1 Kg7 41.Nd5 Rd8 42.b3 Rxd6 43.Bxf3 b5
44.Be2 b4 45.Ke3 Rh6 46.Ke4 Nc6 47.Bg4 Na5 48.Nf4 Nxb3 49.Kd5 Ra6 50.Bd1 Ra3
51.Bxb3 Rxb3 52.Kxc5 Rf3 53.Ne6+ Kf6 54.Nd4 Rd3 55.h4 b3 56.Nxb3 Rxb3 57.Kd6 Rd3+
58.Kc6 Ke7 59.c5 Kd8  0-1

[Event "22nd Open"]
[Site "Arco ITA"]
[Date "2000.10.25"]
[Round "5"]
[White "Antoniacci,R"]
[Black "Gofshtein,L"]
[Result "0-1"]
[WhiteElo "2065"]
[BlackElo "2561"]

1.e4 d6 2.d4 g6 3.Nc3 Bg7 4.Bc4 Nf6 5.Bg5 Nxe4 6.Bxf7+ Kxf7 7.Nxe4 h6 8.Qf3+ Kg8
9.Be3 Qf8 10.Qg3 Bf5 11.Qf3 Nc6 12.c3 Qf7 13.g4 Bd7 14.Qg2 Be6 15.Ne2 Bxa2
16.f4 Bd5 17.N2g3 e6 18.O-O Ne7 19.Qc2 b5 20.b3 Kh7 21.c4 bxc4 22.bxc4 Bc6
23.Ra5 Rhe8 24.h4 Bxe4 25.Qxe4 d5 26.Qc2 Nc6 27.Ra3 Nxd4 28.Qh2 c5 29.h5 dxc4
30.hxg6+ Qxg6 31.g5 Reb8 32.Nh5 Rb2 33.Bd2 Nb3 34.Rxb3 cxb3 35.Nxg7 Qxg7
36.Kh1 Rd8 37.Rf2 Rdxd2 38.Rxd2 Rxd2 39.Qxd2  0-1

[Event "22nd Open"]
[Site "Arco ITA"]
[Date "2000.10.27"]
[Round "7"]
[White "Drei,A"]
[Black "Gofshtein,L"]
[Result "0-1"]
[WhiteElo "2350"]
[BlackElo "2561"]

1.e4 d6 2.d4 g6 3.Nc3 Bg7 4.Nf3 a6 5.a4 b6 6.Bc4 e6 7.O-O Ne7 8.Be3 Nd7 9.Qd2 h6
10.d5 e5 11.Ne1 f5 12.f3 Nf6 13.Be2 f4 14.Bf2 g5 15.a5 b5 16.Na2 O-O 17.c4 bxc4
18.Bxc4 Ng6 19.Nb4 g4 20.Qd3 g3 21.hxg3 Nh5 22.gxf4 Ngxf4 23.Qc2 Qg5 24.Kh2 Rf6
25.g3 Nxg3 26.Bxg3 Rg6 27.Kh1 Qxg3 28.Qh2 Qg5 29.Rg1 Qf6 30.Rxg6 Nxg6 31.Qg3 h5
32.Ned3 Bh6 33.Rg1 Kh7 34.Rg2 Be3 35.Nc2 Bh6 36.Ncb4 h4 37.Qf2 Nf4 38.Nxf4 Bxf4
39.Nd3 Bg3 40.Qe2 Bd7 41.Nf2 Qf4 42.Nd3 Qg5 43.Nf2 h3 44.Rg1 Qh4 45.Ng4 Bxg4
46.fxg4 Bf2 47.Rd1 Qg3 48.Qf1 Qf3+ 49.Kh2 Kg7  0-1

[Event "34th Olympiad"]
[Site "Istanbul TUR"]
[Date "2000.10.28"]
[Round "1"]
[White "Short,N"]
[Black "Rama,L"]
[Result "1-0"]
[WhiteElo "2677"]
[BlackElo "2316"]

1.e4 g6 2.d4 Bg7 3.Nc3 d6 4.Be3 a6 5.h4 h5 6.Nh3 Nf6 7.f3 Nbd7 8.a4 b6 9.Ng5 e6
10.Be2 Bb7 11.O-O Nh7 12.Qd2 Nxg5 13.Bxg5 Bf6 14.f4 Bxg5 15.hxg5 c5 16.d5 e5
17.f5 Qe7 18.f6 Qd8 19.Rf3 Qc7 20.Bc4 Bc8 21.Kf2 Nb8 22.b3 Ra7 23.Rh1 Bd7
24.Re3 Rb7 25.Qd3 Ra7 26.Rh4 Qc8 27.Re1 Rf8 28.Reh1 Kd8 29.Qe3 Kc7 30.Be2 Kb7
31.g4 Bxg4 32.Bxg4 hxg4 33.Kg3 Ka8 34.Qe2 Rc7 35.Qxg4 Qxg4+ 36.Kxg4 Kb7 37.Rh7 Rd7
38.Kf3 Kc7 39.R1h6 Kc8 40.Ke2 Kc7 41.Kd3 Kc8 42.Nb1 Nc6 43.Na3 Re8 44.Rg7 Rf8
45.Rhh7 Kd8 46.c3 Kc7 47.Kc2 Kb7 48.Kb2 Kc7 49.Nc2 Kb7 50.Ne3 Kc7 51.Ng4 Kc8  1-0

[Event "34th Olympiad Women"]
[Site "Istanbul TUR"]
[Date "2000.10.28"]
[Round "1"]
[White "Henriques,S"]
[Black "Bosboom Lanchava,T"]
[Result "0-1"]
[WhiteElo "2032"]
[BlackElo "2272"]

1.e4 g6 2.d4 d6 3.Nc3 Bg7 4.Be3 a6 5.Qd2 b5 6.f3 Nd7 7.h4 h5 8.O-O-O Nb6
9.Nh3 Qd7 10.Nf2 Bb7 11.Bd3 O-O-O 12.Qe2 e6 13.e5 d5 14.a3 Ne7 15.g4 Nc6
16.Na2 Bf8 17.Qe1 Be7 18.Nh3 hxg4 19.Ng5 Bxg5 20.Bxg5 Nxd4 21.Bxd8 Nxf3 22.Qg3 Qxd8
23.Qxg4 Nxe5 24.Qg5 Qxg5+ 25.hxg5 Rxh1 26.Rxh1 Nf3 27.Rh8+ Kd7 28.Rb8 Nxg5  0-1

[Event "34th Olympiad"]
[Site "Istanbul TUR"]
[Date "2000.10.28"]
[Round "1"]
[White "Sax,G"]
[Black "Jasim,A"]
[Result "1-0"]
[WhiteElo "2563"]
[BlackElo "2356"]

1.e4 g6 2.d4 Bg7 3.Nc3 d6 4.f4 Nf6 5.Nf3 O-O 6.Be2 c5 7.dxc5 Qa5 8.Bd3 Qxc5
9.Qe2 Nc6 10.a3 e5 11.fxe5 dxe5 12.Bg5 Be6 13.Qd2 Nd4 14.h3 Rfd8 15.Rf1 Bc4
16.Qf2 Bxd3 17.cxd3 Rd6 18.O-O-O Ra6  1-0

[Event "34th Olympiad"]
[Site "Istanbul TUR"]
[Date "2000.10.28"]
[Round "1"]
[White "Ipek,A"]
[Black "Dzhumaev,M"]
[Result "0-1"]
[WhiteElo "2241"]
[BlackElo "2495"]

1.e4 g6 2.d4 Bg7 3.Nc3 d6 4.f4 Nf6 5.Nf3 O-O 6.Be2 Na6 7.O-O c5 8.d5 Nc7
9.a4 Bg4 10.Nd2 Bxe2 11.Qxe2 e6 12.Qf3 Qd7 13.Nc4 exd5 14.exd5 Rad8 15.f5 b5
16.Ne3 b4 17.Ne2 Qe7 18.Nf4 Qe4 19.Qg3 Rfe8 20.c3 bxc3 21.bxc3 Ncxd5 22.Nexd5 Nxd5
23.Nxd5 Qxd5 24.f6 Bf8 25.Bf4 Qc6 26.Qh3 d5 27.Rf2 Re6 28.Bg5 d4 29.Raf1 Rd5
30.Bd2 dxc3 31.Bxc3 c4 32.Rf3 Rh5 33.Qg4 Bd6 34.Rh3 Re4 35.Qf3 Rf5 36.Qd1 Rxf1+
37.Qxf1 Rf4 38.Rf3 Qb6+ 39.Kh1 Rxf3 40.gxf3 Qe3 41.Qxc4 Bc5 42.Qg4 h5  0-1

[Event "34th Olympiad"]
[Site "Istanbul TUR"]
[Date "2000.10.29"]
[Round "2"]
[White "Dzhumaev,M"]
[Black "Bogdanovski,V"]
[Result "1-0"]
[WhiteElo "2495"]
[BlackElo "2435"]

1.e4 d6 2.d4 g6 3.Nc3 Bg7 4.Be3 c6 5.Qd2 Nf6 6.f3 b5 7.O-O-O Qa5 8.Kb1 Nbd7
9.Bh6 Bxh6 10.Qxh6 b4 11.Nce2 Ba6 12.Nh3 Nb6 13.Nc1 Bxf1 14.Rhxf1 Nc4 15.Rfe1 O-O-O
16.Ng5 Rhf8 17.Qh3+ Kb8 18.Nxf7 Rd7 19.Nb3 Qb5 20.e5 Rxf7 21.e6 Rg7 22.exd7 Kc7
23.Nd2 Nxd7 24.Nxc4 Qxc4 25.d5 cxd5 26.Qe6 Nb6 27.g3 a5 28.Rd3 Kb7 29.f4 Ka7
30.a3 Kb7 31.axb4 axb4 32.h4 Kc6 33.Ree3 Kc5 34.Rc3 bxc3 35.Rxc3 Qxc3 36.bxc3 Kc6
37.Ka2 Kc7 38.Ka3 Kc6 39.Kb4 Nd7 40.c4 dxc4 41.Qxc4+ Nc5 42.Qb5+ Kd5 43.Qe8 e5
44.fxe5 Rb7+ 45.Kc3 dxe5 46.Qa8 Ne4+ 47.Kd3 Nc5+ 48.Ke3 Kd6 49.Qd8+ Nd7 50.c4 Rb3+
51.Ke2 Rxg3 52.c5+ Kxc5 53.Qc7+ Kb4 54.Qxd7 h5 55.Qd5 Rg4 56.Qxe5 Kc4 57.Qe6+ Kd4
58.Kf3 Kc5 59.Qd7 Rd4 60.Qa7+ Kd5 61.Qf7+ Ke5 62.Qg7+ Kd5 63.Qxg6  1-0

[Event "34th Olympiad"]
[Site "Istanbul TUR"]
[Date "2000.10.29"]
[Round "2"]
[White "Dzhumaev,M"]
[Black "Bogdanovski,V"]
[Result "1-0"]
[WhiteElo "2495"]
[BlackElo "2435"]

1.e4 d6 2.d4 g6 3.Nc3 Bg7 4.Be3 c6 5.Qd2 Nf6 6.f3 b5 7.O-O-O Qa5 8.Kb1 Nbd7
9.Nce2 b4 10.Nh3 Ba6 11.Nc1 Nb6 12.Bc4 Nxc4 13.Rhe1 O-O-O 14.Ng5 Rhf8 15.Nxf7 Kb8
16.Nb3 Rd7 17.e5 Qb5 18.e6 Rxf7 19.exd7 Kc7 20.d5 cxd5 21.g3 Kb7 22.f4 Kc6
23.h4 Nxd7 24.Nc5 e5 25.fxe5 Nxc5 26.c3 Nd7 27.exd6 Kxd6  1-0

[Event "34th Olympiad"]
[Site "Istanbul TUR"]
[Date "2000.10.30"]
[Round "3"]
[White "Degraeve,JM"]
[Black "Cekro,E"]
[Result "1/2-1/2"]
[WhiteElo "2540"]
[BlackElo "2390"]

1.e4 d6 2.d4 g6 3.Nc3 Bg7 4.f4 c6 5.Nf3 b5 6.Bd3 Nd7 7.O-O Nb6 8.a4 b4 9.Ne2 a5
10.c3 bxc3 11.bxc3 Nf6 12.Rb1 O-O 13.f5 d5 14.e5 Ne4 15.fxg6 fxg6 16.Qb3 Ba6
17.Bxe4 Bxe2 18.Re1 Bc4 19.Qxb6 dxe4 20.Ng5 Qd5 21.Ba3 Rae8 22.Qc5 Bh6 23.Qxd5+ cxd5
24.h4 Rf4 25.g3 Rg4 26.Kh2 Bxg5 27.hxg5 Rxg5 28.Rb7 Kf7 29.Ra7 Rf5 30.Rxa5 Rf2+
31.Kh1 Rf3 32.Bb4 Rxg3 33.Ra7 h5 34.a5 e3 35.a6 e2 36.Bxe7 Ke6 37.Kh2 Rxc3
38.Bh4 Ra3 39.Rg1 Kf5 40.Rf7+ Ke4 41.Rxg6 Rxa6 42.Rxa6 Bxa6 43.Rh7 Kxd4 44.Rxh5 Bc8
45.Kg2 Rf8 46.Bf2+ Ke4 47.Rh4+ Kxe5 48.Bg3+ Ke6 49.Rh5 Kf6 50.Re5 Ba6 51.Kf2 Bc4
52.Re3 Kg5+ 53.Kg2 Rf1 54.Bf2 Kf4 55.Rf3+ Ke5 56.Re3+ Kd6 57.Kf3 d4 58.Rxe2  1/2-1/2

[Event "4th OIBM"]
[Site "Bad Wiessee GER"]
[Date "2000.11.01"]
[Round "5"]
[White "Lomineishvili,M"]
[Black "Hertneck,G"]
[Result "0-1"]
[WhiteElo "2376"]
[BlackElo "2541"]

1.e4 g6 2.d4 Bg7 3.Nc3 d6 4.Be3 a6 5.Qd2 b5 6.Bd3 Nd7 7.a4 b4 8.Nce2 c5 9.c3 bxc3
10.bxc3 Qa5 11.Nf3 Ngf6 12.O-O O-O 13.h3 Nb6 14.Nc1 c4 15.Bc2 d5 16.Ne5 Bb7
17.exd5 Nfxd5 18.Ne2 Rad8 19.Bh6 Nxc3 20.Qxc3 Qxc3 21.Nxc3 Bxh6 22.Rfb1 Nd5
23.Rxb7 Nxc3 24.Nc6 Ne2+ 25.Kf1 Nxd4 26.Nxd8 Rxd8 27.Rd1 c3 28.Rxe7 Bd2 29.Rc7 Kg7
30.Bb1 Kf6 31.Ba2 Ke5 32.Bb1 Ke6 33.Ba2+ Kd6 34.Rc4 Ke7 35.Rc7+ Rd7 36.Rc8 a5
37.Bb1 Kd6 38.Ba2 Ke7 39.Rc5 Rb7 40.Rc4 Rb4 41.Rc7+ Kd6 42.Rc8 f5 43.Bg8 h6
44.Bf7 g5 45.Be8 Rb2 46.Kg1 Ke5 47.Bf7 Rb4 48.Rc5+ Kd6 49.Rc8 Rxa4 50.Kf1 Rb4
51.Ba2 a4 52.Bb1 a3 53.Ra8 Rxb1 54.Rxb1 c2 55.Ra1 Bc3 56.Rc1 Bb2 57.Re1 Nb3
58.Rd8+ Kc7 59.Ra8 c1=Q 60.Rxc1+ Nxc1  0-1

[Event "34th Olympiad"]
[Site "Istanbul TUR"]
[Date "2000.11.01"]
[Round "5"]
[White "Dzhumaev,M"]
[Black "McNab,C"]
[Result "1/2-1/2"]
[WhiteElo "2495"]
[BlackElo "2416"]

1.e4 g6 2.d4 d6 3.Nc3 Bg7 4.Be3 Nf6 5.Qd2 c6 6.Bh6 Bxh6 7.Qxh6 Qa5 8.O-O-O Be6
9.d5 cxd5 10.exd5 Bxd5 11.Nxd5 Nxd5 12.Qg5 e6 13.Bc4 h6 14.Qg3 Ne7 15.Qxd6 Nbc6
16.Nf3 O-O 17.Qf4 Kg7 18.Rd7 Rad8 19.Rxb7 Qa4 20.a3 Nf5 21.Rd1 Rxd1+ 22.Kxd1 g5
23.Nxg5 Ncd4 24.Bd3 Qc6 25.Be4 Qc4 26.Bd3 Qd5  1/2-1/2

[Event "34th Olympiad"]
[Site "Istanbul TUR"]
[Date "2000.11.01"]
[Round "5"]
[White "Sarsam,S"]
[Black "Smith,ALA"]
[Result "1-0"]
[WhiteElo "2423"]
[BlackElo "2178"]

1.d4 g6 2.e4 Bg7 3.Nc3 d6 4.Be2 Nf6 5.g4 b6 6.Bf3 c6 7.h3 Bb7 8.Be3 Nfd7
9.Qd2 c5 10.d5 h6 11.Be2 Ba6 12.f4 Bxe2 13.Qxe2 Qc8 14.Nf3 Na6 15.O-O Nc7
16.a4 h5 17.g5 a6 18.Bf2 O-O 19.Bg3 b5 20.axb5 Bxc3 21.bxc3 Nxb5 22.Qe3 Nb6
23.Kg2 Nc4 24.Qe2 Nb6 25.Qd3 c4 26.Qe3 Nd7 27.Nd4 Nxd4 28.Qxd4 Qc5 29.Bf2 Qxd4
30.Bxd4 Rfb8 31.Ra2 a5 32.Rfa1 Rb5 33.Ra4 Nc5 34.Bxc5 Rxc5 35.Kf3 e6 36.Rd1 Ra6
37.Ke3 Kf8 38.Kd4 exd5 39.exd5 Ke7 40.Rb1 Ra7 41.Rbb4 Rac7 42.Rxc4 Kd7 43.Rxc5 Rxc5
44.c4 Kc7 45.Ra3 Kb6 46.Rb3+ Ka6 47.Rb8 Rc7 48.Kc3 Rd7 49.Kb3 Re7 50.Rd8 Re3+
51.Ka4 Rxh3 52.Rxd6+ Kb7 53.Kxa5 Rc3 54.Kb5 h4 55.Rd7+ Kc8 56.Rxf7 h3 57.Rh7  1-0

[Event "Chigorin Mem"]
[Site "St Petersburg RUS"]
[Date "2000.11.01"]
[Round "2"]
[White "Zhelnin,V"]
[Black "Anisimov,P"]
[Result "1-0"]
[WhiteElo "2462"]
[BlackElo "2318"]

1.e4 g6 2.d4 Bg7 3.Nc3 d6 4.Nf3 Nf6 5.Be2 O-O 6.O-O c6 7.Bg5 Qc7 8.Qd2 Nbd7
9.a4 e5 10.Rfe1 Re8 11.Bf1 Nf8 12.d5 Bg4 13.Qe3 N8d7 14.Nd2 cxd5 15.exd5 Bf5
16.h3 h5 17.Nb5 Qxc2 18.Nc4 Nxd5 19.Qg3 Nc5 20.Nbxd6 Re6 21.Rad1 Nf6 22.Nxf5 Qxf5
23.Ne3 Qxg5 24.Qxg5 Nce4 25.Qh4 g5 26.Qxe4 Nxe4 27.Nf5 Nc5 28.Bc4 Ree8 29.b4 Nxa4
30.Rd7 Rf8 31.Rxb7 Nb2 32.Bb3 a5 33.Nxg7 Kxg7 34.Rxe5 a4 35.Ba2 Nd3 36.Rxg5+ Kf6
37.Rxh5 Nc1 38.Rb6+ Ke7 39.Re5+ Kd7 40.Bc4 a3 41.Bb5+ Kd8 42.Rd6+ Kc7 43.Rc6+ Kb7
44.Rxc1 a2 45.Bc6+  1-0

[Event "Chigorin Mem"]
[Site "St Petersburg RUS"]
[Date "2000.11.01"]
[Round "2"]
[White "Zajarnyi,A"]
[Black "Korotylev,A"]
[Result "0-1"]
[WhiteElo "2380"]
[BlackElo "2528"]

1.e4 d6 2.d4 g6 3.Nc3 Bg7 4.Be3 a6 5.Qd2 b5 6.a4 b4 7.Nd1 a5 8.c3 bxc3 9.bxc3 Nf6
10.f3 O-O 11.g4 e5 12.Ne2 exd4 13.cxd4 c5 14.Rc1 Nc6 15.dxc5 Ne5 16.Ng1 Bxg4
17.fxg4 Nxe4 18.Qg2 Nxc5 19.Bxc5 dxc5 20.Nf2 Re8 21.Be2 Rb8 22.Kf1 Rb2 23.Bb5 Re6
24.g5 c4 25.Ngh3 Nd3 26.Rd1 Rd2 27.Qf3 Rxd1+ 28.Nxd1 Ne1 29.Qg4 Qd3+ 30.Kg1 Bd4+
31.Nhf2 Re2 32.Qc8+ Kg7 33.Qxc4 Nf3+ 34.Kg2 Nh4+ 35.Kf1 Rxf2+  0-1

[Event "Chigorin Mem"]
[Site "St Petersburg RUS"]
[Date "2000.11.01"]
[Round "2"]
[White "Chehlov,A"]
[Black "Chepukaitis,G"]
[Result "1/2-1/2"]
[WhiteElo "2242"]
[BlackElo "2424"]

1.e4 d6 2.d4 g6 3.Nc3 Bg7 4.Nf3 a6 5.Be2 Nd7 6.O-O e6 7.Re1 Ne7 8.Be3 b5
9.a3 Bb7 10.Bf1 h6 11.Qd2 Nf6 12.Bf4 Nh5 13.Be3 Nf6 14.Bd3 Ng4 15.Bf4 g5
16.Bg3 Nf6 17.h4 g4 18.Nh2 Nh5 19.Ne2 Nxg3 20.fxg3 c5 21.c3 Qb6 22.Kh1 h5
23.Rf1 Bh6 24.Qe1 Rf8 25.b4 f6 26.Qf2 Rc8 27.Rad1 cxd4 28.Nxd4 Kd7 29.Nxe6 Qxf2
30.Nxf8+ Bxf8 31.Rxf2 Rxc3 32.e5 Nd5 33.Bf5+ Kc7 34.Nf1 dxe5 35.Rc2 Rxc2
36.Bxc2 Bh6 37.Re1 Kd6 38.Kg1 Ke6 39.Bb3 Kd6 40.Rd1 f5 41.Kf2 f4 42.Ke2 Bc6
43.Kf2 Bb7 44.gxf4 exf4 45.g3 Ke5 46.Bxd5 Bxd5 47.gxf4+ Bxf4 48.Ng3 Bf3 49.Re1+ Kd5
50.Nxh5 Be5 51.Rxe5+ Kxe5 52.Ke3 Be4 53.Ng3 Bh7 54.Ne2 Kd5 55.Nf4+ Ke5 56.Ne2 Kd5
57.Nf4+  1/2-1/2

[Event "34th Olympiad"]
[Site "Istanbul TUR"]
[Date "2000.11.02"]
[Round "6"]
[White "Guller,A"]
[Black "Jasim,A"]
[Result "0-1"]
[WhiteElo "2141"]
[BlackElo "2356"]

1.e4 g6 2.d4 Bg7 3.Nc3 d6 4.Nge2 Nf6 5.g3 O-O 6.Bg2 e5 7.h3 Nc6 8.Be3 a6
9.a4 Re8 10.O-O Bd7 11.f4 exd4 12.Nxd4 Nxd4 13.Bxd4 c5 14.Bf2 Bc6 15.Qd3 Qd7
16.Nd5 Nxd5 17.exd5 Bxa4 18.b3 c4 19.bxc4 Bxa1 20.Rxa1 b5 21.cxb5 axb5 22.g4 Bxc2
23.Qd4 Rxa1+ 24.Qxa1 b4 25.Bd4 Qa4 26.Qc1 b3 27.Qd2 Re1+ 28.Qxe1 Qxd4+ 29.Kh2 b2  0-1

[Event "Chigorin Mem"]
[Site "St Petersburg RUS"]
[Date "2000.11.02"]
[Round "3"]
[White "Stambulian,A"]
[Black "Zakharevich,I"]
[Result "0-1"]
[WhiteElo "2402"]
[BlackElo "2485"]

1.e4 g6 2.d4 Bg7 3.Nc3 d6 4.f4 Nf6 5.Nf3 O-O 6.Bd3 Nc6 7.O-O e5 8.fxe5 dxe5
9.d5 Nd4 10.Nxe5 Nxd5 11.Nxd5 Bxe5 12.Bf4 Nc6 13.Qd2 Be6 14.Bxe5 Nxe5 15.Nf6+ Kg7
16.Qg5 Ng4 17.Nh5+ Kh8 18.Qxd8 Rfxd8 19.Nf4 Kg7 20.h3 Ne5 21.Kf2 Rd6 22.Rfd1 Rad8
23.Be2 g5 24.Rxd6 Rxd6 25.Nd3 Nxd3+ 26.Bxd3 h5 27.b4 Kf6 28.Ke3 Ke5 29.h4 f6
30.Rh1 Bg4 31.g3 Rd8 32.Rb1 Be6 33.Be2 gxh4 34.gxh4 Rg8 35.Rf1 Rg3+ 36.Kf2 Rh3
37.Bxh5 Rxh4 38.Bf3 Rh2+ 39.Kg3 Rxc2 40.Rh1 Rxa2 41.Rh5+ Kd6 42.Rh6 Rb2 43.Kf4 Rxb4
44.Rxf6 Ke7 45.Rh6 Bf7 46.Rh8 a5 47.Ra8 a4 48.Ke5 Be8 49.Bg4 Bd7 50.Bf3 Rb3  0-1

[Event "Open de Corse"]
[Site "Bastia FRA"]
[Date "2000.11.03"]
[Round "5"]
[White "Nisipeanu,LD"]
[Black "Chernin,A"]
[Result "1/2-1/2"]
[WhiteElo "2592"]
[BlackElo "2572"]

1.e4 g6 2.d4 Bg7 3.Nc3 d6 4.Nf3 a6 5.a4 Nf6 6.Be2 O-O 7.O-O Bg4 8.Ng5 Bxe2
9.Qxe2 Nc6 10.Rd1 Nd7 11.Nf3 e6 12.Bg5 Qe8 13.Qe3 Rc8 14.Bh6 e5 15.dxe5 Ndxe5
16.Bxg7 Nxf3+ 17.Qxf3 Kxg7 18.Re1 Qe5 19.Qd1  1/2-1/2

[Event "Chigorin Mem"]
[Site "St Petersburg RUS"]
[Date "2000.11.04"]
[Round "4"]
[White "Kokarev,D"]
[Black "Najer,E"]
[Result "0-1"]
[WhiteElo "2467"]
[BlackElo "2597"]

1.e4 g6 2.d4 Bg7 3.Nc3 d6 4.f4 Nf6 5.Nf3 O-O 6.Bd3 Nc6 7.O-O Bg4 8.e5 dxe5
9.dxe5 Nd5 10.h3 Nxc3 11.bxc3 Bf5 12.Bxf5 gxf5 13.Rb1 b6 14.Ba3 Re8 15.Nd4 Qd7
16.Nb5 Qc8 17.Qf3 Na5 18.Bb4 c6 19.Nd4 c5 20.Bxa5 cxd4 21.Bb4 dxc3 22.Rb3 Qe6
23.Rxc3 a5 24.Ba3 b5 25.Rb3 b4 26.Bb2 Qb6+ 27.Kh2 a4 28.Rd3 Rac8 29.Qe2 Qe6
30.c3 a3 31.Ba1 b3 32.axb3 Qxb3 33.Rg3 Qc4 34.Qh5 Rc6 35.Qxf5 Qxf1 36.Qd7 Rf8
37.Qxc6 Kh8 38.Qc5 Qxa1 39.Qxe7 Qc1 40.Qh4 h6 41.Rxg7 Kxg7 42.Qf6+ Kg8 43.e6 Qe3
44.Qg7+  0-1

[Event "Chigorin Mem"]
[Site "St Petersburg RUS"]
[Date "2000.11.04"]
[Round "4"]
[White "Kuznetsov,Vi2"]
[Black "Loginov,A"]
[Result "1-0"]
[WhiteElo "2118"]
[BlackElo "2338"]

1.e4 g6 2.d4 Bg7 3.Nc3 d6 4.Be3 a6 5.Qd2 b5 6.f3 Bb7 7.Nd1 Nd7 8.Nf2 c5 9.c3 Ngf6
10.Bd3 O-O 11.Ne2 e5 12.d5 Nb6 13.h4 Ra7 14.g4 Re8 15.h5 Bc8 16.O-O-O c4
17.Bc2 a5 18.Rdg1 Nfd7 19.Nh3 Nc5 20.Ng3 a4 21.a3 Nb3+ 22.Bxb3 cxb3 23.Qh2 b4
24.cxb4 Rc7+ 25.Kb1 Rc2 26.Rg2 Nc4 27.Bc1 Ba6 28.Rxc2 bxc2+ 29.Qxc2 Qc7 30.Qxa4 Ra8
31.Qb3 Bb5 32.hxg6 hxg6 33.Ne2 Nxa3+ 34.bxa3 Bxe2 35.Bb2 Qa7 36.Rc1 Bb5 37.Qc3 Bf8
38.f4 Bg7 39.f5 Qa6 40.Nf2 Qa7 41.Qd2 g5 42.Rc3 f6 43.Qe3 Qb8 44.Bc1 Bf8
45.Qe1 Be7 46.Be3 Bd8 47.Qc1 Qb7 48.Nd3 Bb6 49.Nb2 Bd4 50.Bxd4 exd4 51.Rc7 Qb8
52.a4 Bxa4 53.Nxa4 Qe8 54.Qh1  1-0

[Event "Corsica Masters"]
[Site "Bastia FRA"]
[Date "2000.11.05"]
[Round "2.2"]
[White "Drazic,S"]
[Black "Lupu,MS"]
[Result "1-0"]
[WhiteElo "2508"]
[BlackElo "2443"]

1.d4 g6 2.e4 Bg7 3.Nc3 d6 4.Be2 Nf6 5.h4 h5 6.Nh3 Bxh3 7.Rxh3 c6 8.a4 e5
9.Be3 Ng4 10.d5 Nxe3 11.Rxe3 Qxh4 12.dxc6 Nxc6 13.Rh3 Qg5 14.Kf1 O-O 15.Nb5 Rad8
16.Raa3 Bh6 17.Rad3 Nd4 18.Nxd4 exd4 19.Rxd4 Qc1 20.Rb3 b6 21.Bb5 Qxd1+ 22.Rxd1 f5
23.exf5 Rxf5 24.Rbd3 Bg7 25.Rxd6 Rxd6 26.Rxd6 Kh7 27.c3 Rf6 28.Rd7 a5 29.Bd3 Kh6
30.g3 Bf8 31.Ke2 Bc5 32.f3 Re6+ 33.Be4 Bd6 34.Kf2 Bc5+ 35.Kf1 Rd6 36.Rb7 Rd1+
37.Ke2 Rg1 38.b4 Rg2+ 39.Kf1 Rg1+ 40.Ke2 Rg2+ 41.Kd3 axb4 42.cxb4 Bg1 43.a5 bxa5
44.bxa5 Rxg3 45.a6 Rg2 46.Bd5 g5 47.Be4 g4 48.f4 Rg3+ 49.Kc4  1-0

[Event "Corsica Masters"]
[Site "Bastia FRA"]
[Date "2000.11.05"]
[Round "2.3"]
[White "Drazic,S"]
[Black "Lupu,MS"]
[Result "1-0"]
[WhiteElo "2508"]
[BlackElo "2443"]

1.d4 g6 2.e4 Bg7 3.Nc3 d6 4.Be2 Nf6 5.h4 h5 6.Nf3 O-O 7.Ng5 c6 8.a4 Nbd7
9.Be3 e5 10.d5 cxd5 11.exd5 b6 12.O-O Bb7 13.f3 Rc8 14.Qd2 Rxc3 15.bxc3 Nxd5
16.Bf2 Qc7 17.Ra3 Rc8 18.c4 Nf4 19.Bd3 Nc5 20.Rd1 Qe7 21.Bf1 Bf8 22.a5 f6
23.Bxc5 bxc5 24.Ne4 Bxe4 25.fxe4 Qe6 26.g3 Qg4 27.Rb1 Ne6 28.Be2 Qh3 29.Bf1 Qg4
30.Qe2 Nd4 31.Qxg4 hxg4 32.Bd3 Bh6 33.Kf2 Bd2 34.c3 Nc6 35.Ke2 Bh6 36.a6 Rf8
37.Rb7 f5 38.Rc7 Nd8 39.Rxa7 f4 40.Ra1 fxg3 41.Rc7 Ne6 42.Re7 Nf4+ 43.Kf1 Nd5+
44.Kg2 Nxe7 45.a7 Kg7 46.Ra6 Kf6  1-0

[Event "34th Olympiad Women"]
[Site "Istanbul TUR"]
[Date "2000.11.05"]
[Round "8"]
[White "Shukurova,M"]
[Black "Atbashieva,G"]
[Result "1-0"]
[WhiteElo "2255"]
[BlackElo "2243"]

1.e4 g6 2.d4 Bg7 3.Nc3 d6 4.f4 c6 5.Nf3 Bg4 6.Be2 b5 7.h3 Bxf3 8.Bxf3 e5
9.dxe5 Qh4+ 10.Ke2 dxe5 11.f5 b4 12.Nd5 Na6 13.Qd3 cxd5 14.Qxa6 Ne7 15.Qb5+ Kf8
16.Qb7 Rc8 17.Bd2 a5 18.g3 Qf6 19.g4 dxe4 20.Bxe4 gxf5 21.Bxf5 Rd8 22.Be4 Ng6
23.g5 Rxd2+ 24.Kxd2 Qxg5+ 25.Kd3 Bh6 26.Raf1 Qe3+ 27.Kc4 Qd4+ 28.Kb3 Bf4
29.Rd1 Qc5 30.Rd5 Qe3+ 31.Rd3 Qc5 32.Rd7 Ne7 33.Rhd1 Rg8 34.Rd8+ Kg7 35.Rxg8+ Kxg8
36.h4 Bh6 37.Rd8+ Kg7 38.Rd7 Kf6 39.Qa6+ Kg7 40.Qb7 Kf6 41.Bxh7 Bc1 42.Be4 Ke6
43.Rd1 f5 44.Qd7+ Kf7 45.Bxf5 a4+ 46.Kxa4 Bxb2 47.Qe6+ Kg7 48.Rd7 Kf8 49.Qh6+ Ke8
50.Qh5+ Kf8 51.Rd8+  1-0

[Event "Chigorin Mem"]
[Site "St Petersburg RUS"]
[Date "2000.11.06"]
[Round "6"]
[White "Geller,J"]
[Black "Chepukaitis,G"]
[Result "1/2-1/2"]
[WhiteElo "2258"]
[BlackElo "2424"]

1.e4 g6 2.d4 Bg7 3.Nc3 d6 4.Bg5 h6 5.Be3 a6 6.h3 Nd7 7.Nf3 e6 8.Qd2 Ne7 9.a4 b6
10.Be2 Bb7 11.O-O Nf6 12.e5 Nfd5 13.Nxd5 Nxd5 14.c4 Nxe3 15.Qxe3 O-O 16.a5 bxa5
17.c5 Rb8 18.Rxa5 Bd5 19.exd6 cxd6 20.Rxa6 dxc5 21.dxc5 Rb3 22.Bd3 Bxf3 23.Rd6 Qc7
24.gxf3 Rd8 25.Rxd8+ Qxd8 26.c6 Qc7 27.Qe4 Rxb2 28.Rb1 Rxb1+ 29.Bxb1 Be5
30.Qc4 Kg7 31.Bd3 h5 32.Kg2 Qd8 33.f4 Bc7 34.Be2 Qd2 35.Bf3 Bb6 36.Qe2 Qxf4
37.Qb2+ Bd4 38.Qb4 Qg5+ 39.Kf1 Be5 40.Qc5 Qf4 41.Qe3 Qf6 42.Kg2 Bd6 43.Kf1 Qe7
44.Qc3+ Kh7 45.Qe3 Kg8 46.Kg2 Bc7 47.Qd4 Qg5+ 48.Kf1 Qa5 49.Qc4 Bb6 50.Qc2 Kf8
51.Kg2 Ke7 52.Kf1 Qe5 53.Kg2 Bc5 54.Qd2 Bd6 55.Kf1 Qc5 56.Qe3 Qc4+ 57.Kg2 Qb5
58.Qa7+ Kf6 59.Qd4+ Ke7 60.Qa7+ Kf8 61.Qd4 Bc7 62.Qh8+ Ke7 63.Qd4 Bb6 64.Qd7+ Kf8
65.Qd6+ Kg7 66.Qd2 Qc5 67.Qe3 Qa5 68.Qe2 Qc3 69.Qb5 Bd4 70.Qe2 e5 71.Be4 Qa5
72.Qc2 Bb6 73.Bf3 f5 74.Qb2 Qc5 75.Kg1 Kh7 76.Bd5 e4 77.Qd2 Ba5 78.Qa2 e3
79.Qc4 exf2+ 80.Kg2 Qe3 81.c7 f1=Q+ 82.Kxf1 Bb6 83.Qc2 Qg1+ 84.Ke2 Qf2+ 85.Kd1 Qf1+
86.Kd2 Qf4+ 87.Kd1 Bxc7 88.Qd3 Bd6 89.Bb3 Be5 90.Qd7+ Bg7 91.Qd3 Bd4 92.Bc4 Kh6
93.Bd5 Kg5 94.Bf7 Kf6 95.Be8 Qd6 96.Ba4 Qd5 97.Be8 h4 98.Bb5 Qh1+ 99.Qf1 Qa8
100.Qd3 Qa1+ 101.Ke2 Qg1 102.Qf3 Qh2+ 103.Kf1 Kg7 104.Bd3 Kh6 105.Bc4 Qd2
106.Bd5 Bc5 107.Bc6 Bb4 108.Bb5 Qc1+ 109.Kg2 Bc5 110.Bf1 Qd2+ 111.Be2 Qd4
112.Qf1 Qe3  1/2-1/2

[Event "34th Olympiad"]
[Site "Istanbul TUR"]
[Date "2000.11.08"]
[Round "11"]
[White "Blehm,P"]
[Black "Nijboer,F"]
[Result "1/2-1/2"]
[WhiteElo "2510"]
[BlackElo "2537"]

1.e4 d6 2.d4 g6 3.Nc3 Bg7 4.f4 Nf6 5.Nf3 c5 6.Bb5+ Bd7 7.e5 Ng4 8.Bxd7+ Qxd7
9.h3 cxd4 10.Qxd4 Nh6 11.g4 dxe5 12.Qxd7+ Nxd7 13.fxe5 f6 14.exf6 exf6 15.Bf4 Nb6
16.O-O-O O-O 17.Nb5 Nf7 18.Nc7 Rad8 19.Nd4 Rd7 20.Nde6 Rc8 21.Rxd7 Nxd7 22.Rd1 Nde5
23.Nd5 Kh8 24.Be3 Rc6 25.Ndc7 a6 26.Bf4 Kg8 27.b3 Bf8 28.Kb1 Be7 29.c4 Bd8
30.Nxd8 Rxc7 31.Nxf7 Kxf7 32.Bxe5 fxe5 33.Rd6 Ke7 34.Rb6 Rd7 35.c5 e4 36.Rb4 Ke6
37.c6 bxc6 38.Rxe4+ Kd5 39.Ra4 Rf7 40.Rxa6 Rf3 41.h4  1/2-1/2

[Event "Chigorin Mem"]
[Site "St Petersburg RUS"]
[Date "2000.11.08"]
[Round "7"]
[White "Kazantsev,Va"]
[Black "Shishkin,A"]
[Result "1/2-1/2"]
[WhiteElo "2112"]
[BlackElo "2055"]

1.e4 g6 2.d4 Bg7 3.Nc3 d6 4.Be3 c6 5.Qd2 Qc7 6.Nf3 Nd7 7.Be2 Ngf6 8.Bh6 O-O
9.Bxg7 Kxg7 10.h4 b5 11.a3 a5 12.Ng5 h6 13.Nh3 Nb6 14.f3 e5 15.Rd1 Nh5 16.g4 Ng3
17.Rg1 Nxe2 18.Nxe2 Nc4 19.Qc3 Qe7 20.h5 Be6 21.b3 Nxa3 22.dxe5 dxe5 23.Qxe5+ Qf6
24.Qxf6+ Kxf6 25.Nd4 Rfd8 26.e5+ Kg7 27.Nxe6+ fxe6 28.Rg2 Rxd1+ 29.Kxd1 Rf8
30.f4 Nb1 31.hxg6 Kxg6 32.f5+ Kf7 33.Nf4 Rd8+ 34.Kc1 Nc3 35.Nd3 Rd4 36.Rh2 Rxg4
37.fxe6+ Kxe6 38.Rxh6+ Kd7 39.Nc5+ Kc7 40.Rh1 Nd5 41.Rh7+ Kc8 42.Rh6 Kc7
43.Ne6+ Kd7 44.Nd4 Rg1+ 45.Kb2 b4 46.e6+ Kc7 47.e7 Nc3 48.Rxc6+ Kd7 49.Rxc3 bxc3+
50.Kxc3 Rg5  1/2-1/2

[Event "Chigorin Mem"]
[Site "St Petersburg RUS"]
[Date "2000.11.08"]
[Round "7"]
[White "Shirjaeva,J"]
[Black "Shvedov,S"]
[Result "0-1"]
[WhiteElo "2114"]
[BlackElo "2363"]

1.e4 g6 2.d4 d6 3.Nc3 Bg7 4.Bg5 c6 5.Qd2 Qa5 6.f4 b5 7.Nf3 Bg4 8.Be2 b4 9.Nd1 Qb6
10.c3 bxc3 11.bxc3 Nf6 12.Nf2 Be6 13.O-O h6 14.Bh4 Ng4 15.Nxg4 Bxg4 16.h3 Bxf3
17.Bxf3 Nd7 18.Kh1 Qc7 19.Qd3 Nb6 20.e5 O-O 21.Be4 d5 22.Bf3 e6 23.Rab1 Nc4
24.g4 Rfb8 25.f5 Rxb1 26.Rxb1 g5 27.Bg3 Rb8 28.Rb3 Rb6 29.Bd1 Nb2 30.Qe2 Nxd1
31.Qxd1 c5 32.dxc5 Qxc5 33.Qd4 Qc7 34.f6 Bxf6 35.Rxb6 axb6 36.exf6 Qxg3 37.a4 Qxh3+
38.Kg1 Qg3+ 39.Kh1 Qh3+ 40.Kg1 Qg3+ 41.Kh1 Kh7 42.c4 Qe1+ 43.Kg2 Qe2+  0-1